| 000 | 00527nam a22001697a 4500 | ||
|---|---|---|---|
| 999 |
_c526312 _d526312 |
||
| 003 | NUST | ||
| 038 | _aMr. Zahoor | ||
| 082 | _a620.005 | ||
| 100 |
_aRaza, Syed Asim _917291 |
||
| 245 |
_aAnalysis of Smart City Frameworks and Implementation Prospects for Pakistan / _cSyed Asim Raza |
||
| 260 |
_aIslamabad : _bCEME - NUST, _c2016. |
||
| 300 |
_axxiii, 129 p. : ill. ; _c30cm. |
||
| 500 | _aHardcover. | ||
| 650 |
_aEngineering Management - MS Thesis _916065 |
||
| 700 |
_aDr. Muhammad Tahir Nawaz _917292 |
||
| 942 |
_2ddc _cTHE |
||